000 00700nam a2200205Ia 4500
003 GCL
008 140319s9999 xx 000 0 ara d
040 _aGCL /
_cGCL
082 0 4 _aد
_b050
_bم ج
245 1 0 _aجريدة الفنون
260 _aالكويت :
_bالمجلس الوطنى للثقافة والفنون والاداب ،
_c2002
650 0 4 _aالمسرح التجارى - المغرب
650 0 4 _aالاسكندرية - تاريخ
650 0 4 _aالسينما - الاردن
650 0 4 _aالبرامج الثقافية
650 0 4 _aالموشح الاندلسى
650 0 4 _aاللغة التشكيلية
650 0 4 _aالتاليف المسرحى
942 _2ddc
_cCR
999 _c7844
_d7844